[Event "HUN-chT2 Charousek 1516"]
[Site "Hungary"]
[Date "2015.11.08"]
[Round "2.2"]
[White "Fancsy, Imre"]
[Black "Parkanyi, Attila"]
[Result "1/2-1/2"]
[WhiteElo "2401"]
[BlackElo "2273"]
[PlyCount "71"]
[EventDate "2015.10.18"]
[EventType "team-tourn"]
[EventRounds "9"]
[EventCountry "HUN"]
[SourceTitle "CBM 170 Extra"]
[Source "ChessBase"]
[SourceDate "2016.02.25"]
[SourceVersion "1"]
[SourceVersionDate "2016.02.25"]
[SourceQuality "1"]
[WhiteTeam "Balatonfuered"]
[BlackTeam "Tapolca Rockwool"]
[WhiteTeamCountry "HUN"]
[BlackTeamCountry "HUN"]

1. Nf3 Nf6 2. c4 g6 3. g3 Bg7 4. Bg2 d6 5. d4 0-0 6. Nc3 Nbd7 7. 0-0 e5 8. e4 c6 9. h3 Qa5 10. Be3 exd4 11. Nxd4 Ne5 12. Qe2 Re8 13. f4 Ned7 14. Rfe1 Nc5 15. Qc2 Bd7 16. Kh2 Ne6 17. Rad1 Rad8 18. Nf3 Bc8 19. Qf2 Nh5 20. Bxa7 c5 21. Bb8 Nd4 22. e5 Bxh3 23. Bxd6 Bxg2 24. Qxg2 Nf5 25. Ne4 Qxa2 26. Qc2 Qa8 27. Bxc5 Rxd1 28. Rxd1 b6 29. Bxb6 Nhxg3 30. Re1 Nh5 31. Qd2 Qc6 32. c5 Ra8 33. Nfg5 h6 34. Qg2 Rc8 35. Nh3 Nxf4 36. Nf6+ 1/2-1/2

[Event "HUN-chT2 Szechenyi 1314"]
[Site "Hungary"]
[Date "2013.11.17"]
[Round "5.1"]
[White "Sardy, Peter"]
[Black "Fancsy, Imre"]
[Result "1/2-1/2"]
[WhiteElo "2335"]
[BlackElo "2390"]
[PlyCount "66"]
[EventDate "2013.09.08"]
[EventType "team-tourn"]
[EventRounds "11"]
[EventCountry "HUN"]
[SourceTitle "EXT 2016"]
[Source "ChessBase"]
[SourceDate "2015.10.08"]
[SourceVersion "1"]
[SourceVersionDate "2015.10.08"]
[SourceQuality "1"]
[WhiteTeam "Lovo"]
[BlackTeam "Balatonfuered"]
[WhiteTeamCountry "HUN"]
[BlackTeamCountry "HUN"]

1. e4 c5 2. Nf3 e6 3. d4 cxd4 4. Nxd4 a6 5. Nc3 Qc7 6. Be2 Nf6 7. 0-0 Nc6 8. Be3 d6 9. a4 Be7 10. f4 0-0 11. Kh1 Bd7 12. Nb3 b6 13. Bf3 Rab8 14. Qe2 Na5 15. Nd2 Bc8 16. g4 Nd7 17. g5 Re8 18. Bg2 g6 19. Rf3 Bf8 20. Rh3 Bb7 21. Qf2 Bg7 22. Rf1 Re7 23. Qh4 Nf8 24. Qf2 Nd7 25. Qh4 Nf8 26. Qf2 Ba8 27. Bd4 Bxd4 28. Qxd4 b5 29. axb5 axb5 30. Nd1 Qc5 31. Qxc5 dxc5 32. Nf2 Rd7 33. Rd3 Nc6 1/2-1/2

[Event "HUN-chT2 Charousek 1213"]
[Site "Hungary"]
[Date "2013.04.21"]
[Round "11"]
[White "Szekeres, Robert"]
[Black "Fancsy, Imre"]
[Result "1/2-1/2"]
[WhiteElo "2337"]
[BlackElo "2384"]
[PlyCount "63"]
[EventDate "2012.09.16"]
[EventType "team-tourn"]
[EventRounds "11"]
[EventCountry "HUN"]
[SourceTitle "EXT 2014"]
[Source "ChessBase"]
[SourceDate "2013.11.20"]
[SourceVersion "1"]
[SourceVersionDate "2013.11.20"]
[SourceQuality "1"]
[WhiteTeam "MLTC II"]
[BlackTeam "Balatonfuered"]
[WhiteTeamCountry "HUN"]
[BlackTeamCountry "HUN"]

1. d4 d5 2. c4 e6 3. Nc3 Nf6 4. Nf3 c6 5. e3 Nbd7 6. Bd3 dxc4 7. Bxc4 b5 8. Bd3 a6 9. e4 c5 10. e5 cxd4 11. Nxb5 axb5 12. exf6 gxf6 13. 0-0 Qb6 14. Qe2 b4 15. Rd1 Bc5 16. a4 bxa3 17. bxa3 Bb7 18. Be4 Bxe4 19. Qxe4 Ra4 20. Rb1 Qd6 21. Be3 e5 22. Bxd4 Qe6 23. Qb7 0-0 24. Be3 Bxe3 25. fxe3 Nc5 26. Qb5 Qc4 27. Qxc4 Rxc4 28. Rdc1 Rxc1+ 29. Rxc1 Ne4 30. Rc4 Nd6 31. Rc6 Ne4 32. Rc4 1/2-1/2